Classroom Interaction

Gespeichert in:
Bibliographische Detailangaben
1. Verfasser: Malamah-Thomas, Ann
Format: Buch
Sprache:Englisch
Veröffentlicht: Oxford Oxford University Press 1991
Ausgabe:3. ed.
Schriftenreihe:Language Teaching
Schlagworte:
Tags: Tag hinzufügen
Keine Tags, Fügen Sie das erste Tag hinzu!

MARC

LEADER 00000nam a2200000 4500
001 c018913
005 20221214101533.5
020 |a 0-19-437131-X 
041 0 |a eng 
044 |a GB 
245 1 0 |a Classroom Interaction  |c Ann Malamah-Thomas 
250 |a 3. ed. 
264 1 |a Oxford  |b Oxford University Press  |c 1991 
300 |a 153 s. 
490 1 |a Language Teaching 
830 0 |a Language Teaching 
610 2 0 |a jazykoveda 
610 2 0 |a jazyky cudzie 
610 2 0 |a angličtina 
610 2 0 |a vzťahy medziľudské 
100 1 |a Malamah-Thomas, Ann